[Event "Bratislava Doprastav op"]
[Site "Bratislava"]
[Date "2009.07.08"]
[Round "6"]
[White "Kebis, Milos"]
[Black "Pigos, Jan"]
[Result "1-0"]
[WhiteElo "2001"]
[BlackElo "1871"]
[PlyCount "51"]
[EventDate "2009.07.04"]
[EventType "swiss"]
[EventRounds "9"]
[EventCountry "SVK"]
[SourceTitle "EXT 2015"]
[Source "ChessBase"]
[SourceDate "2014.11.20"]
[SourceVersion "1"]
[SourceVersionDate "2014.11.20"]
[SourceQuality "1"]

1. d4 d5 2. Nf3 Nf6 3. c4 e6 4. Nc3 Be7 5. Bg5 Nbd7 6. Rc1 c6 7. e3 0-0 8. Bd3 h6 9. Bh4 dxc4 10. Bxc4 Nd5 11. Bxe7 Qxe7 12. 0-0 Nxc3 13. Rxc3 e5 14. d5 cxd5 15. Qxd5 e4 16. Nd2 Nf6 17. Qb5 a6 18. Qa5 Bg4 19. h3 Bh5 20. Rfc1 b5 21. Bf1 Nd5 22. Rc5 Rfd8 23. Nb3 Qb7 24. Nd4 Rac8 25. a4 Rxc5 26. Qxd8+ 1-0

[Event "Bratislava Doprastav op"]
[Site "Bratislava"]
[Date "2009.07.05"]
[Round "3"]
[White "Pigos, Jan"]
[Black "Homola, Milan"]
[Result "1-0"]
[WhiteElo "1871"]
[BlackElo "1350"]
[PlyCount "91"]
[EventDate "2009.07.04"]
[EventType "swiss"]
[EventRounds "9"]
[EventCountry "SVK"]
[SourceTitle "EXT 2015"]
[Source "ChessBase"]
[SourceDate "2014.11.20"]
[SourceVersion "1"]
[SourceVersionDate "2014.11.20"]
[SourceQuality "1"]

1. d4 g6 2. c4 Bg7 3. Nc3 c6 4. e4 d6 5. Nf3 Qc7 6. Be2 Nd7 7. 0-0 Ngf6 8. h3 e5 9. Be3 0-0 10. b4 a6 11. Qb3 h6 12. Rfd1 Kh7 13. c5 dxc5 14. bxc5 exd4 15. Bxd4 Nh5 16. Bxg7 Nxg7 17. Na4 Ne6 18. Rac1 Nf4 19. Bf1 Ne5 20. Nxe5 Qxe5 21. Qe3 Be6 22. Nb6 Rad8 23. Nc4 Bxc4 24. Bxc4 Qg5 25. Bf1 Qe5 26. g3 Ne6 27. f4 Qh5 28. g4 Qh4 29. Kh2 Qf6 30. Kg3 g5 31. f5 Qe5+ 32. Kf3 Nd4+ 33. Kf2 Rfe8 34. Bg2 Rd7 35. Rd2 Red8 36. Rcd1 Qxc5 37. e5 Qc4 38. e6 fxe6 39. fxe6 Rf8+ 40. Ke1 Nc2+ 41. Rxc2 Rxd1+ 42. Kxd1 Rd8+ 43. Kc1 Qf4 44. Qxf4 gxf4 45. Rb2 b5 46. Bxc6 1-0

[Event "Bratislava Doprastav op"]
[Site "Bratislava"]
[Date "2008.07.02"]
[Round "6"]
[White "Sulek, Viliam"]
[Black "Pigos, Jan"]
[Result "1-0"]
[WhiteElo "2172"]
[BlackElo "1715"]
[PlyCount "37"]
[EventDate "2008.06.28"]
[EventType "swiss"]
[EventRounds "7"]
[EventCountry "SVK"]
[SourceTitle "CBM 125 Extra"]
[Source "ChessBase"]
[SourceDate "2008.09.01"]
[SourceVersion "1"]
[SourceVersionDate "2008.09.01"]
[SourceQuality "1"]

1. e4 c5 2. Nf3 Nc6 3. d4 cxd4 4. Nxd4 e6 5. Nc3 Nf6 6. Ndb5 d6 7. Bf4 e5 8. Bg5 Be7 9. Bxf6 gxf6 10. Nd5 Qa5+ 11. c3 0-0 12. Nbc7 Rb8 13. Nxe7+ Nxe7 14. Qxd6 Nc6 15. Nd5 Be6 16. Ne7+ Kg7 17. Nxc6 bxc6 18. b4 Rfd8 19. Qxb8 1-0

[Event "Bratislava Doprastav op"]
[Site "Bratislava"]
[Date "2008.07.01"]
[Round "5"]
[White "Pigos, Jan"]
[Black "Danada, Ondrej"]
[Result "1-0"]
[WhiteElo "1715"]
[BlackElo "1821"]
[PlyCount "59"]
[EventDate "2008.06.28"]
[EventType "swiss"]
[EventRounds "7"]
[EventCountry "SVK"]
[SourceTitle "CBM 125 Extra"]
[Source "ChessBase"]
[SourceDate "2008.09.01"]
[SourceVersion "1"]
[SourceVersionDate "2008.09.01"]
[SourceQuality "1"]

1. d4 Nf6 2. Nf3 g6 3. c4 Bg7 4. Nc3 d5 5. e3 0-0 6. Bd3 c6 7. 0-0 Qc7 8. e4 dxe4 9. Nxe4 Nbd7 10. Re1 Nxe4 11. Rxe4 Nf6 12. Rh4 Nh5 13. Ng5 f5 14. c5 e6 15. g4 h6 16. gxh5 hxg5 17. Bxg5 Bf6 18. Qd2 Qe7 19. Bxf6 Qxf6 20. Rh3 gxh5 21. Rxh5 Rf7 22. Rg5+ Rg7 23. h4 Qxd4 24. Rxg7+ Kxg7 25. Qg5+ Kh7 26. Be2 Qxb2 27. Qh5+ Kg7 28. Rd1 Qf6 29. Kh1 Qh6 30. Rg1+ 1-0